REINFORCED CONCRETE DESIGN / (Record no. 588198)

000 -LEADER
fixed length control field 00387nam a22001457a 4500
020 ## - INTERNATIONAL STANDARD BOOK NUMBER
Qualifying information PB.
040 ## - CATALOGING SOURCE
Transcribing agency FIZZA ISHAQ
082 ## - DEWEY DECIMAL CLASSIFICATION NUMBER
Classification number 624.18
Author Mark SUN
100 ## - MAIN ENTRY--PERSONAL NAME
Personal name DAVDAS, PILLAI KRISHNA UNNI S.
9 (RLIN) 89471
245 ## - TITLE STATEMENT
Title REINFORCED CONCRETE DESIGN /
Statement of responsibility, etc. S.UNNI, KRISHNA PILLAI DAVDAS.
250 ## - EDITION STATEMENT
Edition statement 3rd ED.
260 ## - PUBLICATION, DISTRIBUTION, ETC.
Place of publication, distribution, etc. NEW DEHLI ;
Name of publisher, distributor, etc. MC GRAW HILL,
Date of publication, distribution, etc. 2009.
300 ## - PHYSICAL DESCRIPTION
Extent 902 P. ;
942 ## - ADDED ENTRY ELEMENTS (KOHA)
Source of classification or shelving scheme
Koha item type Book
Holdings
Withdrawn status Lost status Source of classification or shelving scheme Damaged status Not for loan Permanent Location Current Location Date acquired Full call number Barcode Date last seen Copy number Price effective from Koha item type
          NUST Baluchistan Campus (NBC) NUST Baluchistan Campus (NBC) 02/24/2022 624.18 PIL Q-2661 02/24/2022 2 02/24/2022 Book
© 2023 Central Library, National University of Sciences and Technology. All Rights Reserved.